[Event "Robecchetto op-A 19th"]
[Site "Robecchetto"]
[Date "2008.12.28"]
[Round "3"]
[White "Pattarello, Pierluigi"]
[Black "Barlocco, Carlo"]
[Result "1/2-1/2"]
[WhiteElo "1983"]
[BlackElo "2144"]
[PlyCount "91"]
[EventDate "2008.12.27"]
[EventType "swiss"]
[EventRounds "6"]
[EventCountry "ITA"]
[SourceTitle "EXT 2011"]
[Source "ChessBase"]
[SourceDate "2010.11.26"]
[SourceVersion "1"]
[SourceVersionDate "2010.11.26"]
[SourceQuality "1"]

1. d4 Nf6 2. c4 Nc6 3. Nc3 e6 4. Nf3 Bb4 5. Qc2 0-0 6. Bg5 h6 7. Bxf6 Qxf6 8. e3 d6 9. a3 Bxc3+ 10. Qxc3 e5 11. dxe5 Nxe5 12. Nxe5 dxe5 13. Be2 Qg5 14. Bf3 Re8 15. g3 e4 16. Bg2 Bg4 17. h3 Bh5 18. g4 Rad8 19. 0-0 Bg6 20. Rfd1 h5 21. Rd5 Rxd5 22. cxd5 hxg4 23. hxg4 Re7 24. Qb4 b6 25. d6 cxd6 26. Qxd6 Re6 27. Qb8+ Kh7 28. Qh2+ Qh6 29. Rd1 Rc6 30. Qxh6+ Kxh6 31. Rd4 Rc1+ 32. Kh2 Rc2 33. Kg3 Rxb2 34. Bxe4 Rb3 35. Bxg6 Kxg6 36. a4 Kf6 37. Kf4 a5 38. f3 b5 39. axb5 Rxb5 40. Rd6+ Ke7 41. Ra6 f6 42. Ra7+ Kf8 43. Ke4 Kg8 44. f4 Kh7 45. Kf3 Kh6 46. Ra8 1/2-1/2

[Event "Milan Crespi op 26th"]
[Site "Milan"]
[Date "2005.12.10"]
[Round "6"]
[White "Pattarello, Pierluigi"]
[Black "Brugo, Marco"]
[Result "1-0"]
[WhiteElo "1969"]
[BlackElo "2036"]
[PlyCount "81"]
[EventDate "2005.12.07"]
[EventType "swiss"]
[EventRounds "7"]
[EventCountry "ITA"]
[SourceTitle "EXT 2007"]
[Source "ChessBase"]
[SourceDate "2006.11.23"]
[SourceVersion "1"]
[SourceVersionDate "2006.11.23"]
[SourceQuality "1"]

1. d4 e6 2. c4 f5 3. g3 Nf6 4. Bg2 Be7 5. Nf3 d6 6. 0-0 0-0 7. Nc3 a5 8. Bg5 Nbd7 9. Qc2 Ng4 10. Bxe7 Qxe7 11. e4 e5 12. exf5 Nb6 13. dxe5 dxe5 14. Nd5 Nxd5 15. cxd5 Bxf5 16. Qb3 Qd6 17. Rac1 Be4 18. Ng5 Bxg2 19. Kxg2 Qf6 20. Ne6 Qh6 21. h4 Rxf2+ 22. Rxf2 Qxc1 23. Qxb7 Re8 24. Qxc7 Qxc7 25. Nxc7 Rc8 26. d6 Nxf2 27. Kxf2 Rd8 28. Nb5 Kf7 29. a4 Ke6 30. Ke3 Rc8 31. b3 Rc1 32. Kd3 Rg1 33. Kc4 Rxg3 34. Kc5 Kd7 35. b4 axb4 36. Kxb4 Rg4+ 37. Kb3 Rxh4 38. a5 Rh1 39. a6 Ra1 40. a7 h5 41. Na3 1-0

[Event "Hotel Montesano op-A"]
[Site "Villa San Giovanni"]
[Date "2005.09.08"]
[Round "2"]
[White "Dini, Andrea"]
[Black "Pattarello, Pierluigi"]
[Result "1-0"]
[WhiteElo "1875"]
[BlackElo "2006"]
[PlyCount "57"]
[EventDate "2005.09.07"]
[EventType "swiss"]
[EventRounds "9"]
[EventCountry "ITA"]
[SourceTitle "CBM 108 Extra"]
[Source "ChessBase"]
[SourceDate "2005.11.04"]
[SourceVersion "1"]
[SourceVersionDate "2005.11.04"]
[SourceQuality "1"]

1. d4 Nf6 2. c4 e6 3. Nc3 Bb4 4. g3 c5 5. Nf3 0-0 6. Bg2 d5 7. a3 cxd4 8. Nxd4 Bxc3+ 9. bxc3 dxc4 10. Qa4 e5 11. Nf3 Qc7 12. Nd2 Be6 13. Rb1 Nc6 14. Nxc4 Bd5 15. 0-0 Bxg2 16. Kxg2 Nd5 17. Qb3 b6 18. Rd1 Nf6 19. a4 Rad8 20. Ba3 Rfe8 21. Nd6 Re6 22. Nb5 Qb8 23. Rxd8+ Nxd8 24. Rd1 Nb7 25. Qc4 Ne8 26. Rd7 Nbd6 27. Bxd6 Rxd6 28. Qxf7+ Kh8 29. Qf8# 1-0

[Event "Hotel Montesano op-A"]
[Site "Villa San Giovanni"]
[Date "2005.09.07"]
[Round "1"]
[White "Pattarello, Pierluigi"]
[Black "Vocaturo, Daniele"]
[Result "0-1"]
[WhiteElo "2006"]
[BlackElo "2372"]
[PlyCount "63"]
[EventDate "2005.09.07"]
[EventType "swiss"]
[EventRounds "9"]
[EventCountry "ITA"]
[SourceTitle "CBM 108 Extra"]
[Source "ChessBase"]
[SourceDate "2005.11.04"]
[SourceVersion "1"]
[SourceVersionDate "2005.11.04"]
[SourceQuality "1"]

1. d4 Nf6 2. c4 g6 3. Nc3 Bg7 4. e4 d6 5. f4 0-0 6. Nf3 Na6 7. e5 Nd7 8. Be2 c5 9. exd6 exd6 10. d5 Nf6 11. 0-0 Re8 12. h3 Nc7 13. Kh2 Bf5 14. Bd3 Qd7 15. Bxf5 Qxf5 16. g4 Qd7 17. Qd3 Rab8 18. Bd2 b5 19. cxb5 Nxb5 20. Nxb5 Qxb5 21. Qxb5 Rxb5 22. b3 Re2+ 23. Kh1 Nxd5 24. Rae1 Rxe1 25. Rxe1 Kf8 26. Ng5 Nf6 27. Bc3 h6 28. Bxf6 Bxf6 29. Nh7+ Kg7 30. Nxf6 Kxf6 31. Rd1 Ke7 32. Rd2 0-1

[Event "Genova op 7th"]
[Site "Genova"]
[Date "2003.08.03"]
[Round "2"]
[White "Tayeb, Suhail"]
[Black "Pattarello, Pierluigi"]
[Result "1-0"]
[WhiteElo "2241"]
[BlackElo "1830"]
[PlyCount "55"]
[EventDate "2003.08.02"]
[EventType "swiss"]
[EventRounds "9"]
[EventCountry "ITA"]
[SourceTitle "CBM 095 Extra"]
[Source "ChessBase"]
[SourceDate "2003.09.04"]
[SourceVersion "1"]
[SourceVersionDate "2003.09.04"]
[SourceQuality "1"]

1. e4 e6 2. d4 d5 3. Nd2 c5 4. exd5 Qxd5 5. Ngf3 cxd4 6. Bc4 Qd8 7. 0-0 Nf6 8. Nb3 Nc6 9. Nbxd4 Qc7 10. Qe2 Be7 11. Bg5 0-0 12. Rfe1 Bd7 13. Nb5 Qb6 14. Rad1 Rad8 15. Be3 Bc5 16. Bf4 Rc8 17. Bg5 Rcd8 18. Bxf6 gxf6 19. c3 Na5 20. Nbd4 Nxc4 21. Qxc4 Bc6 22. b4 Bxd4 23. Nxd4 Ba4 24. Rd3 Rd5 25. Rg3+ Kh8 26. h4 Bb5 27. Nxb5 Qxb5 28. Qg4 1-0

[Event "Corsico op 26th"]
[Site "Corsico"]
[Date "2003.04.30"]
[Round "1"]
[White "Massironi, Marco"]
[Black "Pattarello, Pierluigi"]
[Result "0-1"]
[WhiteElo "2082"]
[BlackElo "1815"]
[PlyCount "89"]
[EventDate "2003.04.30"]
[EventType "swiss"]
[EventRounds "7"]
[EventCountry "ITA"]
[SourceTitle "EXT 2007"]
[Source "ChessBase"]
[SourceDate "2006.11.23"]
[SourceVersion "1"]
[SourceVersionDate "2006.11.23"]
[SourceQuality "1"]

1. e4 e6 2. d4 d5 3. Nc3 Bb4 4. e5 c5 5. a3 Bxc3+ 6. bxc3 Ne7 7. Qg4 cxd4 8. cxd4 Qc7 9. Kd1 Nbc6 10. Bd3 Bd7 11. Ne2 g6 12. Rb1 0-0-0 13. a4 Na5 14. Ba3 Bxa4 15. Bd6 Qd7 16. Nc3 Nf5 17. Bb5 Bxb5 18. Nxb5 Nc6 19. Qf4 a6 20. g4 axb5 21. gxf5 gxf5 22. Rxb5 Na7 23. Rc5+ Nc6 24. Kd2 b6 25. Rb5 Nxe5 26. Bxe5 Qxb5 27. Bxh8 Qa5+ 28. c3 Rxh8 29. Qe5 Rg8 30. Qf6 Qa2+ 31. Ke3 Rg2 32. Rf1 Qc2 33. Qe5 Qxc3+ 34. Ke2 Qc2+ 35. Ke1 Qe4+ 36. Qxe4 fxe4 37. Rh1 e3 38. fxe3 Ra2 39. Rf1 Ra1+ 40. Ke2 Rxf1 41. Kxf1 Kc7 42. Ke2 Kc6 43. Kd3 Kb5 44. Kc3 Ka4 45. h4 0-1

[Event "Vanzaghello op 3rd"]
[Site "Vanzaghello"]
[Date "2002.09.20"]
[Round "2"]
[White "Caligara, Roberto"]
[Black "Pattarello, Pierluigi"]
[Result "1/2-1/2"]
[WhiteElo "1827"]
[BlackElo "1788"]
[PlyCount "60"]
[EventDate "2002.09.19"]
[EventType "swiss"]
[EventRounds "6"]
[EventCountry "ITA"]
[SourceTitle "EXT 2023"]
[Source "ChessBase"]
[SourceDate "2022.10.05"]
[SourceVersion "1"]
[SourceVersionDate "2022.10.05"]
[SourceQuality "1"]

1. e4 e6 2. d4 d5 3. Nd2 c5 4. exd5 Qxd5 5. Ngf3 cxd4 6. Bc4 Qd8 7. Nb3 Nc6 8. 0-0 Nf6 9. Nbxd4 Nxd4 10. Nxd4 Qc7 11. Bb3 Bd7 12. Qe2 Be7 13. Re1 0-0 14. Bg5 Rfe8 15. Rad1 Rad8 16. Bh4 a6 17. Bg3 Qb6 18. c3 Bf8 19. Be5 Nd5 20. Bc2 g6 21. Qf3 Bg7 22. Bxg7 Kxg7 23. Qg3 Qc7 24. Nf3 Qxg3 25. fxg3 Bc6 26. Ne5 Ne7 27. Nxc6 Nxc6 28. Be4 Rxd1 29. Rxd1 Rd8 30. Rxd8 Nxd8 1/2-1/2